00987nam a22002897a 45000010005000000030006000050050017000110080041000280200015000690400029000840500015001130820012001281000033001402450041001732500027002142600035002413000045002765050007003215200103003285210029004315210018004606500021004786510024004999420015005239990015005389520144005535166FISKH20250120081242.0241108b cb ||||| |||| 00| 0 eng d a0590411098 aFISKHbengcFISKHdFISKH aPZ7.H96165 a823.914 aHutchins, Patd(1942–2017) aThe doorbell rang /cby Pat Hutchins aFirst printing in 1987 aNew York :bScholastic,c1987. a22 pages :bColor illustrations ;c20 cm aG  aEach time the doorbell rings, there are more people who have come to share Ma's wonderful cookies.8 a341 bLexile estimate 8 aG bRaz-Plus  2FictionaFriends 2SharingaFriendship 2ddccBKn0 c5166d5166 00102ddc40708JUVFa001b001cTK Green 7-57-60d2024-11-08l0oHUT 823.914 PZ7.H96165p2024-2309r2024-11-08 12:07:41t1w2024-11-08yBK